Normal view
MARC view
Entry Personal Name
001 - CONTROL NUMBER
- control field: 40098
003 - CONTROL NUMBER IDENTIFIER
- control field: OSt
005 - DATE AND TIME OF LATEST TRANSACTION
- control field: 20160224155007.0
008 - FIXED-LENGTH DATA ELEMENTS
- fixed length control field: 160224|| aca||aabn | a|a d
040 ## - CATALOGING SOURCE
- Original cataloging agency: OSt
- Transcribing agency: OSt
100 ## - HEADING--PERSONAL NAME
- Personal name: स्व रवी्न्द्रनाथ ठाकुर
670 ## - SOURCE DATA FOUND
- Source citation: Work cat.: (OSt)23856: स्व रवी्न्द्रनाथ ठाकुर , साहित्य , 1949









